| 000 | 00706nam a2200241 a 4500 | ||
|---|---|---|---|
| 001 | 84138 | ||
| 003 | BD-RjUL | ||
| 005 | 20241021110725.0 | ||
| 008 | 241021s1967 nyua b 001 0 eng | ||
| 035 | _a(BD-RjUL)84138 | ||
| 040 |
_aDLC _cDLC _dDLC _dBD-RjUL _beng |
||
| 041 | _aeng | ||
| 082 | 0 | 0 |
_a658 _bHAN 1967 |
| 245 | 1 | 0 |
_aHandbook of business administration / _cH. B. Maynard, editor-in-chief. |
| 260 |
_aNew York : _bMcGraw-Hill, _c1967 |
||
| 300 |
_avarious pagings: _billus.; _c23 cm. |
||
| 504 | _aIncludes bibliographies. | ||
| 650 | 0 | _aBusiness. | |
| 650 | 0 | _aIndustrial management. | |
| 700 |
_aMaynard, Harold Bright, _d1902- _eeditor _913869 |
||
| 942 |
_2ddc _cBK |
||
| 999 |
_c84138 _d84138 |
||